00543nam a2200157Ia 4500008004100000100002400041245004900065245004900114260006300163260001000226300002700236440005800263650001700321650001400338650003300352180925s9999 xx 000 0 und d aKravitz, Richard H. 4aThe CPA Journal: the voice of the profession cThe CPA Journal: the voice of the profession bThe New york state society of certified public accountants c2018. apages 5-80, April 2018 aIdentifying deficiencies in single auditsvLXXXVIII.4 aAccountancy. aAuditing. aFinance, Public -- auditing.